Historias de Cronopios y de Famas / (Registro nro. 10485)

Detalles MARC
000 -LIDER
fixed length control field 01014nam a22003017a 4500
001 - NÚMERO DE CONTROL
Identificador de número de control 0002221
003 - IDENTIFICACDOR DE NÚMERO DE CONTROL
control field DO-SdBNP
005 - DATE AND TIME OF LATEST TRANSACTION
control field 20230317095218.0
007 - CAMPOS FIJOS DE DESCRIPCIÓN FÍSICA
fixed length control field 0002221
008 - ELEMENTOS DE LONGITUD FIJA
fixed length control field 160622b 2004 co||||| |||| 00| 0 spa d
020 ## - ISBN
International Standard Book Number 9587041755
040 ## - FUENTE DE CATALOGACIÓN
Agencia que crea de manera original el registro BPMSU
Idioma de catalogación spa
Agencia que realiza la transcripción BPMSU
082 #4 - NÚMERO DE CLASIFICACIÓN DECIMAL DE DEWEY
Classification number A863.6
Item number C827h 2004
Edition number 22
100 1# - ASIENTO PRINCIPAL -- NOMBRE PERSONAL
Nombre personal Cortázar, Julio,
Fechas asociadas con el nombre 1914-1984.
245 10 - MENCIÓN DE TITULO
Título Historias de Cronopios y de Famas /
Mención de responsabilidad Julio Cortázar.
260 ## - PUBLICACIÓN, DISTRIBUCIÓN, ETC. (PIE DE IMPRENTA)
Lugar de publicación, distribución, etc Bogotá :
Nombre del editor, distribuidor, etc. Alfaguara,
Fecha de publicación, distribución, etc 2004.
300 ## - DESCRIPCIÓN FÍSICA
Extensión 141 p. ;
Dimensiones 21 cm.
490 0# - MENCIÓN DE SERIES
Mención de serie Biblioteca Cortázar
-- Alfaguara
500 ## - NOTA GENERAL
Nota general Incluye datos biográficos del autor en la solapa de la cubierta.
505 0# - NOTA DE CONTENIDO
Título Manual de instrucciones --
-- Ocupaciones raras --
-- Material plástico --
-- Historias de cronopios y de famas.
590 ## - NOTA LOCAL
Enlace Inventariado, 2023/VM
648 ## - SUBJECT ADDED ENTRY--CHRONOLOGICAL TERM
Chronological term
650 #4 - ENCABEZAMIENTO DE MATERIA--TEMÁTICO
Término temático o nombre geográfico como elemento de entrada Cuentos argentinos
650 #4 - ENCABEZAMIENTO DE MATERIA--TEMÁTICO
Término temático o nombre geográfico como elemento de entrada Literatura argentina
830 #0 - ASIENTO SECUNDARIO DE SERIE--TÍTULO UNIFORME
Nombre de la parte o sección de una obra Biblioteca Cortázar Alfaguara
910 ## - VALIDACIÓN
Validación LOPEREZ/ VMateo V. Control de calidad (BPMSU)
942 ## - ADDED ENTRY ELEMENTS (KOHA)
Source of classification or shelving scheme Dewey Decimal Classification
Koha item type Libros
Existencias
Withdrawn status Lost status Source of classification or shelving scheme Damaged status Not for loan Home library Current library Date acquired Source of acquisition Full call number Barcode Date last seen Price effective from Koha item type Copy number
    Dewey Decimal Classification     Biblioteca Pública Metropolitana Salomé Ureña Biblioteca Pública Metropolitana Salomé Ureña 06/22/2016 Alfaguara BPMSU CG A863.6 C827h 2004 BPMSU16060318 06/22/2016 06/22/2016 Libros  
    Dewey Decimal Classification     Biblioteca Pública Metropolitana Salomé Ureña Biblioteca Pública Metropolitana Salomé Ureña 06/22/2016 Alfaguara BPMSU CG A863.6 C827h 2004 BPMSU16060319 06/22/2016 06/22/2016 Libros e.2
    Dewey Decimal Classification     Biblioteca Pública Metropolitana Salomé Ureña Biblioteca Pública Metropolitana Salomé Ureña 06/22/2016 Alfaguara BPMSU CG A863.6 C827h 2004 BPMSU16060320 06/22/2016 06/22/2016 Libros e.3